|
|
|
|
| LEADER |
00000nam a2200000 a 4500 |
| 001 |
vtls011743455 |
| 003 |
SK-MaSNL |
| 005 |
20260302054030.0 |
| 008 |
240318t1598 gw 000 0 lat |
| 015 |
|
|
|a SNBHFA1598
|
| 035 |
|
|
|a urn:nbn:sk:snk-am00cs25
|
| 035 |
|
|
|a urn:nbn:sk:snk-am3hatw
|
| 035 |
|
|
|a AF6317DA-3FD8-44FA-B55F-84E752F6C411
|
| 040 |
|
|
|a SNKHF
|b slo
|c SNK
|e AACR2
|
| 041 |
0 |
|
|a lat
|
| 044 |
|
|
|a gw
|c DE
|
| 072 |
|
7 |
|a 2-1
|x Prirodzená teológia. Náboženská filozofia
|2 konspekt
|
| 080 |
|
|
|a 2-1
|2 2011
|
| 100 |
1 |
|
|a Hutter, Leonhard,
|d 1563-1616
|4 aut
|9 170587
|
| 245 |
1 |
0 |
|a Diexodus anaskeuastikē duorum Bdelygmatōn [gr.]
|b Quae De Transsubstatione, Et Processione Cum Sacramento, in festo Corporis Christi, Romana Synagoga in doctrinâ de S.Coena Domini, non sine execrandâ blasphemia propugnat: Iesuitarum, & cumprimis Roberti Bellarmini Sophismatis opposita. Cujus positiones Sub patrocinio Dei Ter Optimi Maximique, Praside Leonharto Huttero, S.Theologiae Doctore, & in Academia Witebergensi Professore ordinario, publici Excercitii loco defendet M. Vdalricvs Nagelivs Brandenburgensis, Marchicus. Die 20. Octobris, horis locoq́; solitis
|
| 260 |
|
|
|a Witebergae
|b Typis M. Georgij Mulleri
|c M.D.XCVIII. [=1598]
|
| 300 |
|
|
|a A4-D4[=16] l.
|c 4°
|
| 500 |
|
|
|a Iniciálka s ornamentálnym pozadím vo voľnom priestore na 6 r., marginálie, kustody
|
| 501 |
|
|
|a Príväzok 2. k: LIBELLI. Libelli Calviniani. VVitebergae : Typis Cratonianis, Impensis Clementis Bergeri, [1597]. 4°.
|5 SNK ID 100176
|
| 510 |
4 |
|
|a VD 16 H/6457
|
| 650 |
0 |
7 |
|a teológia
|2 SNKPH
|9 1814
|
| 700 |
1 |
|
|a Nagel, Ulrich
|4 aut
|9 710881
|
| 700 |
1 |
|
|a Müller, Georg,
|c starší,
|d 16.-17. storočie
|4 prt
|9 129350
|
| 710 |
2 |
|
|a Müller, Georg starší (Wittenberg, Nemecko),
|d 1590-1624
|4 prt
|9 181900
|
| 752 |
|
|
|a Nemecko
|d Wittenberg
|
| 852 |
|
|
|a SNK
|b Zaiova knižnica: Zay M 875/604, prív. 2.
|p ID 100176
|
| 958 |
|
|
|a ONDV
|
| 999 |
|
|
|c 1111813
|d 1113743
|
| 952 |
|
|
|t Zay 875/604
|a SNK
|b SNK
|c SNK_HF
|y PREZ
|7 0
|p 17A1299611
|o snkID 100176/prív.2
|i snk2018/4803
|8 5
|0 0
|1 0
|4 0
|d 2018-02-26
|f 1
|l 0
|r 2026-02-24 18:04:02
|w 2026-02-24
|